000 00656nam a2200217Ii 4500
003 JO-AjNU
008 230606s9999||||xx |||||||||||||| ||und||
020 _a0-06-318372-2
040 _aJO-AjNU
_beng
_erda
_cJO-AjNU
041 _aeng
050 1 4 _aHF5681.B2 1987
100 3 _aTaylor,P.A,
_eauthor
_93297
245 0 0 _aConsolidated Financial Statements: Concepts, Issues and Techniques
250 _aed1
264 3 1 _aLondon: Harper& Row,1987
300 _a329p
_b Includes indexes(p323-329)
336 _atext
_btxt
_2rdacontent
337 _aunmediated
_bn
_2rdamedia
338 _avolume
_bnc
_2rdacarrier
650 4 _aFinancial Statements
_93298
999 _aE1724
_c1724
_d1724